000 00275nam a2200121 a 4500
008 101210s1960|||| d
245 1 0 _aMedailóny
100 1 _aMatuška, Alexander
260 _bSVKL
_aBratislava
_c1960
020 _c13,80
041 _aslo
044 _axo
_cSK
999 _c15119
_d15119